00672nam a22002057a 450000500170000001000130001702000100003003500130004003700160005304000120006908200160008110000200009724500740011726000470019127000580023830000210029650000500031765000620036765000370042920170124110126.0 aB-115344 c00.00 aB-115344 bCen Lib/Ret aDPLbEN a915.75bFRE aFrench, Patrick aTibet,Tibet :cby Patrick Frenchba personal history of a lost land / bHarper-Collins Publishersc2003aNew Delhi a1A Hamilton House, Connaught PlacebNew Delhie110001 a333p. c23cm(Hb) aIncludes bibliographical references and index aTibet Autonomous Region (China) -- Description and travel aChina -- Tibet Autonomous Region